MARC

LEADER 00000nam0a2200000 4500
001 47373
005 20231031030044.0
010 |a 5247017730 
035 |a (RuTPU)RU\TPU\book\49473 
090 |a 47373 
100 |a 20030206d1991 km y0rusy50 ca 
101 0 |a rus 
102 |a RU 
105 |a y g 001zy 
200 1 |a Экономика геолого-разведочных работ  |e Справочное пособие бригадира  |f В. М. Питерский, В. А. Алискеров, П. Я. Митин 
210 |a Москва  |c Недра  |d 1991 
215 |a 239 с. 
225 1 |a Справочное пособие 
320 |a Библиогр.: с. 239. 
610 1 |a геология 
610 1 |a геологоразведочные работы 
610 1 |a экономика 
610 1 |a труд 
610 1 |a организация труда 
610 1 |a проектирование 
610 1 |a управление 
610 1 |a коллективы 
610 1 |a бригады 
610 1 |a хозрасчет 
610 1 |a хозяйственная деятельность 
610 1 |a экономическая эффективность 
610 1 |a справочники 
675 |a 550.8.02:58(03)  |v 3 
700 1 |a Питерский  |b В. М.  |g Владимир Михайлович 
701 1 |a Алискеров  |b В. А.  |g Вадим Азизович 
701 1 |a Митин  |b П. Я.  |g Петр Яковлевич 
801 1 |a RU  |b 63413507  |c 20030206  |g PSBO 
801 2 |a RU  |b 63413507  |c 20170124  |g PSBO 
900 |a Экономика и организация геологоразведочных работ 
900 |a Экономика предприятия и основы управления производством 
942 |c BK